01303na a2200337 450000100060000000300080000600500170001400800410003102000150007202200140008703500100010104000250011104100130013608200310014911000450018022200300022524501120025524600340036724600350040126000600043630000540049631000130055049000440056350000430060750000470065050000700069754600580076765000440082565100510086971000450092015101MIRAKIL20181213155234.0161008b tu 000 0  a9751906113 a0082-691X a15101 aMilasbturcTR-AnCHP aturaeng aDAN 315.61 1991bT95i 1993 aTürkiye İstatistik Kurumu (TÜİK) aİstatistik yıllığı aTürkiye istatistik yıllığıb1991 = Statistical yearbook of TurkeycDevlet İstatistik Enstitüsü aTurkey's statistical yearbook aStatistical yearbook of Turkey aAnkarabDevlet İstatistik Enstitüsü (DİE)c1993 axxii, 639 s.brnkl. res.,tbl., grf., hrt.c29 sm. aYıllık aDevlet İstatistik Enstitüsüv1528 aDerginin elektronik ortamı mevcuttur. a2007 yılı itibarıyla ciltler 24 sm.dir. aKurum adı "Türkiye İstatistik Kurumu (TÜİK)" olmuştur. aKitap Türkçe ve İngilizce karşılıklıdır.  aİstatistiklerxYıllıklarzTürkiye aTürkiyexİstatistiklerySüreli yayınlar aTürkiye İstatistik Kurumu (TÜİK)